| 000 | 00909 am a2200253 a 4500 | ||
|---|---|---|---|
| 005 | 20240223121519.0 | ||
| 008 | 100622s1994||||ag d f |||| 001 0 spa d | ||
| 020 | _a9879983203 | ||
| 041 | _aspa | ||
| 092 |
_c344 _l30 _sGON |
||
| 100 | 1 |
_aGonzález García, Ginés. _91194 |
|
| 245 |
_aRemedios politicos para los medicamentos / _cGinés González García. |
||
| 250 | _a1a ed. | ||
| 260 |
_aBuenos Aires: _bIsalud; _c1994. |
||
| 300 | _a292 p. | ||
| 500 | _aGonzález García, G. (1994). Remedios políticos para los medicamentos. (1a ed.). Buenos Aires : Isalud. | ||
| 653 | _aIndustria del medicamento | ||
| 653 | _aCalidad y consumo: un remedio para tantas pildoras | ||
| 653 | _aPrecios, monopolios y equidad | ||
| 653 | _aPrograma de medicamentos de la provincia de Buenos Aires-Argentina | ||
| 653 | _aCapitalismo sin estado o capitalismo sin mercado | ||
| 930 | _a1655 | ||
| 942 |
_2ddc _cBK |
||
| 999 |
_c391 _d391 |
||